| 000 | 00647cab a2200229 4500 | ||
|---|---|---|---|
| 001 | ABS55550 | ||
| 008 | 090401t1996 xxu||||| |||| 00| 0 eng d | ||
| 035 | _a(Sirsi) u17272 | ||
| 041 | _aeng | ||
| 100 | _aAldridge, T. | ||
| 245 | 4 | _aThe common touch | |
| 260 | _c1996 | ||
| 350 | _a0 | ||
| 490 |
_aLaw Society`s Gazette _v93(18) 24 July 1996, 18(1) |
||
| 520 | _aHails the benefits of the draft Bill on commonhold ownership, above current leasehold arrangements. | ||
| 650 | _aCOMMONHOLD BILL | ||
| 650 | _aCOMMONHOLD | ||
| 650 | _aLEASEHOLDS | ||
| 690 | _aLANDLORD AND TENANT-LEASEHOLD REFORM | ||
| 942 | _n0 | ||
| 948 | _c04/03/1997 | ||
| 999 |
_c11452 _d11452 |
||